000 00406nam a22001697a 4500
005 20160521113720.0
008 160521b xxu||||| |||| 00| 0 eng d
020 _a81-7808-798-7
041 _aeng
082 _b3733
100 _aI Mckenzie Smith
_9947
245 _aElectrical & Electronic Technology
260 _bPearsons
_c2004
300 _a870
650 _aDIPLOMA ENGINEERING
_9817
942 _cBK
999 _c1289
_d1289